Prognóza vývoja kriminálnej scény Slovenskej republiky

Pravdepodobný vývoj celkovej kriminality vo svete v bližšom časovom horizonte. Aproximácia právnych systémov integrujúcich sa krajín. Trestné činy v rozvinutých krajinách, v rozvíjajúcich sa krajinách a v Slovenskej republike. Majetková kriminalita. Násilná kriminalita. Hospodárska kriminalita. Drog...

Descripción completa

Guardado en:
Detalles Bibliográficos
Autor principal: Holcr, Květoň
Otros Autores: Chalka, Robert
Formato: Capítulo de libro
Lenguaje:eslovaco
Materias:
Etiquetas: Agregar Etiqueta
Sin Etiquetas, Sea el primero en etiquetar este registro!

MARC

LEADER 00000naa a2200000 4500
001 r042289
005 20230922120242.2
041 0 |a slo 
044 |a SK 
245 1 0 |a Prognóza vývoja kriminálnej scény Slovenskej republiky  |c Květoň Holcr, Robert Chalka 
520 |a Pravdepodobný vývoj celkovej kriminality vo svete v bližšom časovom horizonte. Aproximácia právnych systémov integrujúcich sa krajín. Trestné činy v rozvinutých krajinách, v rozvíjajúcich sa krajinách a v Slovenskej republike. Majetková kriminalita. Násilná kriminalita. Hospodárska kriminalita. Drogová kriminalita. Organizovaná trstná činnosť. 
610 2 0 |a činnosť trestná 
610 2 0 |a kriminalita 
610 2 0 |a kriminalita finančná 
610 2 0 |a kriminalita hospodárska 
610 2 0 |a prognózy 
610 2 0 |a krajiny rozvojové 
610 2 0 |a krajiny vyspelé 
610 2 0 |a Slovensko 
610 2 0 |a aproximácia práva 
100 1 |a Holcr, Květoň 
700 1 |a Chalka, Robert